000 00297nam a22001337a 4500
008 170131b xxu||||| |||| 00| 0 eng d
020 _a49358
041 _aeng
080 _a61
100 _a3
101 _aSHM
245 _aCLINICAL MANUAL OF HEALTH ASSESSMENT
_cTHOMPSON, J.M
942 _2udc
_cBK
999 _c4156
_d4156